|
|
|
|
| LEADER |
01290cam a2200361 a 4500 |
| 001 |
023299 |
| 003 |
AR-BeUNQ |
| 005 |
20220512093836.0 |
| 008 |
111005s2006||||mx f b 000 0 spa d |
| 999 |
|
|
|c 22098
|d 97485
|
| 020 |
|
|
|a 9789682326455
|
| 040 |
|
|
|a AR-BeUNQ
|b spa
|c AR-BeUNQ
|e aacr
|
| 082 |
0 |
4 |
|a 121.4
|2 21
|
| 245 |
0 |
3 |
|a La formación de conceptos en ciencias y humanidades /
|c Raymundo Bautista ... [et al.] ; prólogo Jaime Labastida ; Pablo González Casanova, Marcos Roitman Rosenmann coordinadores.
|
| 250 |
|
|
|a 1a. ed.
|
| 260 |
|
|
|a México :
|b Siglo Veintiuno,
|c 2006.
|
| 300 |
|
|
|a 287 p. ;
|c 21 cm.
|
| 490 |
1 |
|
|a Teoría
|
| 504 |
|
|
|a Incluye referencias bibliográficas.
|
| 650 |
|
7 |
|a Conceptos
|2 spines
|
| 650 |
|
7 |
|a Ciencia
|2 spines
|
| 650 |
|
7 |
|a Ciencias sociales y humanidades
|2 spines
|
| 650 |
|
7 |
|a Metodología de la ciencia
|2 spines
|
| 700 |
1 |
|
|a Labastida, Jaime.
|
| 700 |
1 |
|
|a González Casanova, Pablo,
|9 3019
|d 1922-
|
| 700 |
1 |
|
|a Rotman Rosenmann, Marcos.
|
| 700 |
1 |
|
|a Bautista, Raymundo.
|
| 700 |
1 |
|
|a Hernández, Eugenio.
|
| 700 |
1 |
|
|a De la Peña, Luis.
|
| 700 |
1 |
|
|a Fernández Rañada, Antonio.
|
| 830 |
|
0 |
|a Teoría (Siglo Veintino).
|
| 929 |
|
|
|a DONACION
|b Diego Golombek
|d 0,00
|e 20100215
|f PAT0033100
|g 1461 Exp. 827-0387/98
|j 47050
|
| 942 |
|
|
|c LIB
|n 0
|